Les personnages #4 Toy Story - Statistiques

Statistiques générales
  • Ce quiz a été pris 401 fois
  • Le résultat moyen est 8 sur 11
Statistiques - réponses
Hint Réponse % Correct
Ranger de l'espace Buzz l'éclair
99%
Cow-boy Woody
97%
Petit garçon ami du héros (Humain) Andy
94%
Dinosaure Rex
93%
Pomme de terre Monsieur Patate
88%
Chien teckel jouet Zig-Zag
79%
Cochon tirelire Bayonne
68%
Petit enfoiré qui torture des jouets à la manière du IIIe Reich Sid
66%
Euh...une bergère ? La bergère
44%
"Nous vous devons une reconnaissance éternelle" Les aliens
27%
Chien teckel réel Rasemotte
6%
Aucun quiz correspondant
Distribution des résultats
% des personnes avec chaque résultat
Percentile par nombre de réponses
Votre historique - résultats
Vous n’avez pas pris ce quiz